000 00582nam a22002057a 4500
003 OSt
005 20140311162959.0
008 130207t xxu||||| |||| 00| 0 eng d
020 _a9710489763
050 _aHF 5667
_b.R786 2011
100 _aRoque, Gerardo S.
245 _aCPA examination reviewer : auditing problems /
_cGerardo S. Roque
260 _aQuezon City :
_bRoque Press,
_c2011.
300 _avi, 737 p. :
_c22 cm.
521 _aBSA
650 _aBusiness law.
650 _aCommercial law.
_v Philippines
_xExaminations
942 _2lcc
_cBK
_kLOC
999 _c39149
_d39149